书目信息 |
| 题名: |
好教师会讲课
|
|
| 作者: | 司德平 主编 | |
| 分册: | ||
| 出版信息: | 郑州 河南科学技术出版社 2020.08 |
|
| 页数: | 220页 | |
| 开本: | 24cm | |
| 丛书名: | ||
| 单 册: | ||
| 中图分类: | G612 , G632.421 | |
| 科图分类: | ||
| 主题词: | 课堂教学--教学研究--学前教育 , 课堂教学--教学研究--中小学 | |
| 电子资源: | ||
| ISBN: | 978-7-5725-0067-1 | |
| 000 | 01097nam0 2200277 450 | |
| 001 | 0102100438 | |
| 005 | 20210402100824.0 | |
| 010 | @a978-7-5725-0067-1@dCNY49.00 | |
| 100 | @a20200928d2020 em y0chiy50 ea | |
| 101 | 0 | @achi |
| 102 | @aCN@b410000 | |
| 105 | @aa z 000yy | |
| 106 | @ar | |
| 200 | 1 | @a好教师会讲课@Ahao jiao shi hui jiang ke@e三尺讲台有乾坤@f司德平主编 |
| 210 | @a郑州@c河南科学技术出版社@d2020.08 | |
| 215 | @a220页@c照片@d24cm | |
| 300 | @a中原名师出版工程 | |
| 330 | @a本书记录三尺讲台展现的名师风采,从教学主张、教学设计、教学方式、教学评价、教学艺术五个方面对从幼儿园到高中的课堂教学进行分析。全书内容共分五章:“教学主张——让课堂有灵魂”“教学设计——让课堂有章法”“教学方式——让课堂有活力”“教学评价——让课堂更高效”、“教学艺术——让课堂有智慧”。 | |
| 517 | 1 | @a三尺讲台有乾坤@Asan chi jiang tai you qian kun |
| 606 | 0 | @a课堂教学@x教学研究@x学前教育 |
| 606 | 0 | @a课堂教学@x教学研究@x中小学 |
| 690 | @aG612@v5 | |
| 690 | @aG632.421@v5 | |
| 701 | 0 | @a司德平@Asi de ping@4主编 |
| 801 | 0 | @aCN@bBJSZM@c20210402 |
| 905 | @b1278581-5@dG612@e1715@f5 | |
| 好教师会讲课:三尺讲台有乾坤/司德平主编.-郑州:河南科学技术出版社,2020.08 |
| 220页:照片;24cm |
| 中原名师出版工程 |
| ISBN 978-7-5725-0067-1:CNY49.00 |
| 本书记录三尺讲台展现的名师风采,从教学主张、教学设计、教学方式、教学评价、教学艺术五个方面对从幼儿园到高中的课堂教学进行分析。全书内容共分五章:“教学主张——让课堂有灵魂”“教学设计——让课堂有章法”“教学方式——让课堂有活力”“教学评价——让课堂更高效”、“教学艺术——让课堂有智慧”。 |
| ● |
| 相关链接 |
|
|
|
|
正题名:好教师会讲课
索取号:G612/1715
 
预约/预借
| 序号 | 登录号 | 条形码 | 馆藏地/架位号 | 状态 | 备注 |
| 1 | 1278581 | 212785814 | 第一样本阅览室/ [索取号:G612/1715] | 在馆 | |
| 2 | 1278582 | 212785823 | 教育系资料室/ [索取号:G612/1715] | 在馆 | |
| 3 | 1278583 | 212785832 | 教育系资料室/ [索取号:G612/1715] | 在馆 | |
| 4 | 1278584 | 212785841 | 第四借阅区/ [索取号:G612/1715] | 在馆 | |
| 5 | 1278585 | 212785850 | 第四借阅区/ [索取号:G612/1715] | 在馆 |